Okul-öncesi çocuklarında grafik faaliyetin gelişimi (Record no. 6252)

MARC details
000 -BAŞLIK
Sabit Uzunlukta Kontrol Alanı 00793na a2200241 4500
001 - KONTROL NUMARASI
Denetim Alanı 19424
003 - KONTROL NUMARASI IDENTIFIER
Denetim Alanı MIRAKIL
005 - SON İŞLEM TARİHİ VE ZAMANI
Denetim Alanı 20181213155101.0
008 - SABİT-BOY VERİ ELEMANLARI - GENEL BİLGİLER
Sabit Uzunlukta Kontrol Alanı 170116b tu 000 0
040 ## - KATALOGLAMA KAYNAK
Orijinal Kataloglama Ajansı Milas
Kataloglama Dili tur
Metne Dönüştürmek Ajansı TR-AnCHP
041 ## - DİL KODU
Metin / Ses Parça Veya Ayrı Başlığın Dil Kodu tur
082 ## - DEWEY ONLU SINIFLANDIRMA NUMARASI
Sınıflandırma Numarası 372.21
Ürün Numarası S25o 1975
090 ## - SINIFLAMA NUMARASI
Sınıflama Numarası 372.21 S25o 1975
100 ## - ANA GİRİŞ - KİŞİSEL İSİM
Kişisel Ad Samuray, Neriman
245 ## - BAŞLIK TABLOSU
Başlık Okul-öncesi çocuklarında grafik faaliyetin gelişimi
Sorumluluk Tablosu, Vb Neriman Samuray
260 ## - YAYIN, DAĞITIM, VB
Yayın, Dağıtım, Vb Yeri Ankara
Yayıncı, Dağıtıcı, Vs Adı Ankara Üniversitesi Dil ve Tarih-Coğrafya Fakültesi Yayınları
Yayın, Dağıtım, Vb Tarihi 1975
300 ## - FİZİKSEL TANIM
Kapsam 182 s.
Diğer Fiziksel Ayrıntıları tbl. graf.
Boyutlar 24 sm.
490 ## - SERİSİ TABLOSU
Seri Beyanı Ankara Üniversitesi Dil ve Tarih-Coğrafya Fakültesi Yayınları
Hacim / Ardışık Tanımı 235
500 ## - GENEL NOT
Genel Not Kaynakça var.
650 ## - KONU KATMA GİRİŞ - TOPİKAL DÖNEM
Topikal Süreli Veya Coğrafi Ad Giriş Elemanı Eğitim
Genel Alt Bölümü Okul öncesi
Coğrafi Alt Bölümü Türkiye
650 ## - KONU KATMA GİRİŞ - TOPİKAL DÖNEM
Topikal Süreli Veya Coğrafi Ad Giriş Elemanı Çocuk eğitimi
Coğrafi Alt Bölümü Türkiye
942 ## - EKLENDİ GİRİŞ ELEMANLARI (KOHA)
Sınıflandırma Veya Raf Düzeni Kaynak Dewey Decimal Classification
Koha Öğesi Türü Books
999 ## - SİSTEM KONTROL NUMARALARI (KOHA)
Koha Biblionumber 6252
Koha Biblioitemnumber 6252
Holdings
Kalıcı Konum Mevcut Konum Edinme Tarihi Edinim Kaynak Toplam Check-Out'Lar Tam Çağrı Numarası Barkod Tarih Son Görülme İtibaren Geçerli Fiyatlar Koha Öğesi Türü
CHP Kütüphanesi CHP Kütüphanesi 12/14/2016 Bağış   372.21 S25o 1975 010696 12/14/2016 12/14/2016 Books